000 00588cab a2200193 4500
001 ABS42444
008 090401t1990 xxu||||| |||| 00| 0 eng d
035 _a(Sirsi) u36852
041 _aeng
100 _aTrollope, D.
245 4 _aThe 1990 rating revaluation: more or less?
260 _c1990
350 _a0
490 _aShop Property
_vMarch 1990, 32-37(5)
520 _aFeature on th effects of the rating revaluation on retail property covering rents , how to appeal and the effects on the regions .
690 _aRATING AND VALUATION
942 _n0
948 _c04/03/1997
999 _c23847
_d23847